| Tag |
First Indicator |
Second Indicator |
Subfields |
| LEADER |
00000nam a2200000Ia 4500 |
| 001 |
in00004333545 |
| 005 |
20200812093135.0 |
| 006 |
m g d |
| 007 |
cr bn |||a|bb| |
| 008 |
051129s1689 enk o 000 0 eng d |
| 035 |
|
|
|a (OCoLC)62369133
|
| 040 |
|
|
|a UMI
|c UMI
|e dcrb
|
| 037 |
|
|
|a CL0037000125
|b ProQuest Information and Learning. 300 N. Zeeb Rd., Ann Arbor, MI 48106
|
| 090 |
|
|
|a PR3335.C76
|b 1689
|
| 049 |
|
|
|a UMIA
|
| 100 |
1 |
|
|a Croft, William,
|d 1678-1727.
|
| 245 |
1 |
2 |
|a A poem in praise of beauty and musick /
|c set by Mr. Will. Crofts ; after the manner of a St. Cæcilia's Song.
|
| 246 |
3 |
0 |
|a Poem in praise of beauty and music
|
| 260 |
|
|
|a [London :
|b publisher not identified,
|c 1689?]
|
| 300 |
|
|
|a 1 online resource (1 sheet ([1] pages).
|
| 336 |
|
|
|a text
|b txt
|2 rdacontent
|
| 337 |
|
|
|a computer
|b c
|2 rdamedia
|
| 338 |
|
|
|a online resource
|b cr
|2 rdacarrier
|
| 500 |
|
|
|a Caption title.
|
| 500 |
|
|
|a Place and date of publication suggested by Wing (2nd edition).
|
| 500 |
|
|
|a Reproduction of original in: Harvard University. Library.
|
| 501 |
|
|
|a Bound and filmed with Wing C7007A: The deliverance : a poem to the Prince of Orange / By a person of quality. London : Printed and are to be sold by R. Baldwin, MDCLXXXIX.
|
| 510 |
4 |
|
|a Wing (2nd edition)
|c C7007AB
|
| 533 |
|
|
|a Electronic reproduction.
|b Ann Arbor, Mich. :
|c UMI,
|d 1999-
|f (Early English books online)
|n Digital version of: (Early English Books, 1641-1700 ; 2847:4)
|7 s1999 miun s
|
| 650 |
|
0 |
|a Ballads, English
|y 17th century.
|
| 655 |
|
7 |
|a Broadsides
|z England
|y 17th century.
|2 rbgenr
|
| 740 |
0 |
|
|a St. Cæcilia's song.
|
| 740 |
0 |
|
|a Saint Caecilia's song
|
| 830 |
|
0 |
|a Early English books online.
|
| 856 |
4 |
0 |
|u http://proxy.library.tamu.edu/login?url=https://search.proquest.com/docview/2248525190
|z Connect to the full text of this electronic book
|t 0
|
| 994 |
|
|
|a 02
|b UMI
|
| 999 |
f |
f |
|s 403c4ea1-b68e-30a0-b1fc-11ce38ffd445
|i 048fa507-9153-3954-a3f0-fa45af70ee5c
|t 0
|
| 952 |
f |
f |
|a Texas A&M University
|b College Station
|c Electronic Resources
|d Available Online
|t 0
|e PR3335.C76 1689
|h Library of Congress classification
|
| 998 |
f |
f |
|a PR3335.C76 1689
|t 0
|l Available Online
|